Catalog

Record Details

Catalog Search



Konvália : zakázaná láska Rudolfa Dilonga  Cover Image Book Book

Konvália : zakázaná láska Rudolfa Dilonga / Denisa Fulmeková ; ze slovenštiny přeložil Lubomír Machala

Record details

  • ISBN: 978-80-7470-445-1
  • Physical Description: 207 stran : ilustrace, portréty, faksimile ; 19 cm
  • Edition: Vydání první
  • Publisher: Praha : Akropolis, 2022
Subject: Dilong, Rudolf, 1905-1986
slovenští spisovatelé > 20. století
slovenští spisovatelé > partnerské a rodinné vztahy
Slovak authors > 20th century
Slovak authors > partner and family relationships
Genre: biografie
biography

Available copies

  • 1 of 1 copy available at Common Catalog SPOK.

Holds

  • 0 current holds with 1 total copy.
Show Only Available Copies
Location Call Number / Copy Notes Barcode Shelving Location Status Due Date
The Jewish community of Prague K 3911 4638303818 K - Beletrie Available -

LDR 01838cam a2200505 i 4500
00155543
003CZ-PrJAB
00520230709160857.0
007ta
008221004s2022 xr ach e 000 0bcze d
015 . ‡acnb003443246
020 . ‡a978-80-7470-445-1 ‡q(brožováno) : ‡cKč 299,00
035 . ‡a(CZ PrNK)nkc20223443246
035 . ‡a(OCoLC)1372328601
040 . ‡aKLG001 ‡bcze ‡dOLA001 ‡erda
0411 . ‡acze ‡hslo
045 . ‡ax-x-
072 7. ‡a821.162.4.09 ‡xSlovenská literatura (o ní) ‡2Konspekt ‡911
072 7. ‡a929 ‡xBiografie ‡2Konspekt ‡98
080 . ‡a821.162.4-051 ‡2MRF
080 . ‡a929 ‡2MRF
080 . ‡a(092) ‡2MRF
1001 . ‡aFulmeková, Denisa, ‡d1967- ‡7xx0034053 ‡4aut
24010. ‡aKonvália. ‡lČesky
24510. ‡aKonvália : ‡bzakázaná láska Rudolfa Dilonga / ‡cDenisa Fulmeková ; ze slovenštiny přeložil Lubomír Machala
24630. ‡aZakázaná láska Rudolfa Dilonga
250 . ‡aVydání první
264 1. ‡aPraha : ‡bAkropolis, ‡c2022
300 . ‡a207 stran : ‡bilustrace, portréty, faksimile ; ‡c19 cm
336 . ‡atext ‡btxt ‡2rdacontent
337 . ‡abez média ‡bn ‡2rdamedia
338 . ‡asvazek ‡bnc ‡2rdacarrier
60017. ‡aDilong, Rudolf, ‡d1905-1986 ‡7jn19990001780 ‡2czenas
648 7. ‡a20. století ‡7ch460558 ‡2czenas
648 4. ‡a1905-1986
65007. ‡aslovenští spisovatelé ‡7ph125683 ‡y20. století ‡2czenas
65007. ‡aslovenští spisovatelé ‡7ph125683 ‡xpartnerské a rodinné vztahy ‡2czenas
65009. ‡aSlovak authors ‡y20th century ‡2eczenas
65009. ‡aSlovak authors ‡xpartner and family relationships ‡2eczenas
655 7. ‡abiografie ‡7fd131909 ‡2czenas
655 9. ‡abiography ‡2eczenas
7001 . ‡aMachala, Lubomír, ‡d1958- ‡7jn19990209506 ‡4trl
910 . ‡aABE461
995 . ‡aska
901 . ‡a55543 ‡bAUTOGEN ‡c55543 ‡tbiblio

Additional Resources